书目信息 |
| 题名: |
草莓疑难杂症图片对照诊断与处方
|
|
| 作者: | 孙茜 , 李红霞 主编 | |
| 分册: | ||
| 出版信息: | 北京 中国农业出版社 2008 |
|
| 页数: | 81页 | |
| 开本: | 21cm | |
| 丛书名: | 无公害蔬菜病虫害防治实战丛书 | |
| 单 册: | ||
| 中图分类: | S436.68 | |
| 科图分类: | ||
| 主题词: | 草莓--病虫害防治方法 , 草莓 , 病虫害防治方法 | |
| 电子资源: | ||
| ISBN: | 978-7-109-11701-3 | |
| 000 | 01059oam2 22002891 45 | |
| 001 | 1032968187 | |
| 005 | 20100407164426.81 | |
| 010 | @a978-7-109-11701-3@dCNY12.00 | |
| 100 | @a20100330e2008 em y0chiy50 ea | |
| 101 | 0 | @achi |
| 102 | @aCN@b110000 | |
| 105 | @aa z 000yy | |
| 106 | @ar | |
| 200 | 1 | @a草莓疑难杂症图片对照诊断与处方@ACao Mei Yi Nan Za Zheng Tu Pian Dui Zhao Zhen Duan Yu Chu Fang@f孙茜,李红霞主编@FSun Qian, Li Hong Xia Zhu Bian |
| 210 | @a北京@c中国农业出版社@d2008 | |
| 215 | @a81页@c彩图@d21cm | |
| 225 | 2 | @a无公害蔬菜病虫害防治实战丛书 |
| 330 | @a本书介绍了草莓病害的诊断、草莓病害典型与非典型、疑似病症的诊断与防治、草莓生理性病害的诊断与防治、草莓药害的诊断与防治、草莓肥害的诊断与救治、草莓虫害与防治等。 | |
| 461 | 0 | @12001 @a无公害蔬菜病虫害防治实战丛书 |
| 606 | 0 | @a草莓@x病虫害防治方法 |
| 606 | 0 | @a草莓 |
| 606 | 0 | @a病虫害防治方法 |
| 690 | @aS436.68@v4 | |
| 701 | 0 | @a孙茜@ASun Qian@4主编 |
| 701 | 0 | @a李红霞@ALi Hong Xia@4主编 |
| 801 | 0 | @aCN@bTANGWEI@c20100407 |
| 905 | @b0586821-25@dS436.68@e63@f5 | |
| 草莓疑难杂症图片对照诊断与处方/孙茜,李红霞主编.-北京:中国农业出版社,2008 |
| 81页:彩图;21cm.-(无公害蔬菜病虫害防治实战丛书) |
| ISBN 978-7-109-11701-3:CNY12.00 |
| 本书介绍了草莓病害的诊断、草莓病害典型与非典型、疑似病症的诊断与防治、草莓生理性病害的诊断与防治、草莓药害的诊断与防治、草莓肥害的诊断与救治、草莓虫害与防治等。 |
| ● |
| 相关链接 |
|
|
|
|
正题名:草莓疑难杂症图片对照诊断与处方
索取号:S436.68/63
 
预约/预借
| 序号 | 登录号 | 条形码 | 馆藏地/架位号 | 状态 | 备注 |
| 1 | 0586821 | 205868211 | 第二样本阅览室/ [索取号:S436.68/63] | 在馆 | |
| 2 | 0586822 | 205868220 | 第三借阅区/ [索取号:S436.68/63] | 在馆 | |
| 3 | 0586823 | 205868239 | 第三借阅区/ [索取号:S436.68/63] | 在馆 | |
| 4 | 0586824 | 205868248 | 第三借阅区/ [索取号:S436.68/63] | 在馆 | |
| 5 | 0586825 | 205868257 | 第三借阅区/ [索取号:S436.68/63] | 在馆 |